|
|
|
|
| LEADER |
01393nam a22003255i 4500 |
| 001 |
30214 |
| 003 |
BD-DhAAL |
| 005 |
20151026163631.0 |
| 008 |
151026s2015 bg b 001 0 eng |
| 010 |
|
|
|a 2014359697
|
| 020 |
|
|
|a 9789848866993
|
| 025 |
|
|
|a B-E-2014359697
|
| 035 |
|
|
|a (MFDhaka) 2014359697
|
| 037 |
|
|
|b Library of Congress -- New Delhi Overseas Office
|
| 040 |
|
|
|a DLC
|b eng
|e rda
|c DLC
|d DLC
|d BD-DhAAL
|
| 082 |
|
|
|2 22
|a 320.8095492
|
| 100 |
1 |
|
|a Barkat, Abul,
|e author.
|9 13014
|
| 245 |
1 |
0 |
|a Local governance and decentralization in Bangladesh :
|b politics and economics /
|c Abul Barkat [and six others].
|
| 260 |
|
|
|a Dhaka :
|b Pathak Shamabesh,
|c 2015
|
| 300 |
|
|
|a xix, 693 pages ;
|c 24 cm
|
| 500 |
|
|
|a "Swiss Agency for Development and Cooperation (SDC); HDRC".
|
| 504 |
|
|
|a Includes bibliographical references (pages 660-668) and index.
|
| 541 |
|
|
|e 30214
|
| 650 |
|
|
|a Decentralization in government
|z Bangladesh
|9 14721
|
| 650 |
|
|
|2 Decentralization in government
|z Bangladesh
|9 15741
|
| 710 |
2 |
|
|a Human Development Research Centre (Dhaka, Bangladesh)
|9 15742
|
| 710 |
1 |
|
|a Switzerland.
|b Direktion für Entwicklungszusammenarbeit und Humanitäre Hilfe.
|9 15743
|
| 942 |
|
|
|2 ddc
|c BK
|
| 999 |
|
|
|c 35921
|d 35921
|
| 952 |
|
|
|0 0
|1 0
|2 ddc
|4 0
|6 320_809549200000000_BAR
|7 0
|9 56447
|a IGS
|b IGS
|c GEN
|d 2015-10-26
|e IGS
|g 1700.00
|l 0
|o 320.8095492 BAR
|p 3010030214
|r 2015-10-26
|t 1
|w 2015-10-26
|y BK
|